Hittite Empire - Statistics

General Stats
  • This quiz has been taken 4 times
  • The average score is 2 of 26
Answers on the Map
Answers color-coded by a green-red scale on the quiz's map according to % correct below.
 
Answer Stats
Answer % Correct
Troy
75%
Hatip
50%
Aleppo
25%
Acemhöyük/Purushadum
0%
Alaca Höyük
0%
Alalakh
0%
Anti-Taurus Mountains
0%
Assur
0%
Boğazköy/Hattusha
0%
Carchemish
0%
Eflatunpınar
0%
Fıraktın
0%
Horst and graben
0%
Karabel
0%
Kızıldağ/Karadağ
0%
Kültepe/Kanesh
0%
Pontic Mountains
0%
Sirkeli Höyük
0%
Taurus Mountains
0%
Tell Fakhariya/Washukanni
0%
Tell Mardikh/Ebla
0%
Tell Tayinat
0%
Türkmen-Karahöyük
0%
Yalburt
0%
Zagros Mountains
0%
Zincirli
0%
No matching quizzes found
Score Distribution
Percent of People with Each Score
Percentile by Number Answered
Your Score History
You have not taken this quiz